Central Library OPAC University of Rajshahi

কুরআনের চিরন্তন মু'জিযা / (Record no. 38340)

MARC details
000 -LEADER
fixed length control field 01045nam a22002657a 4500
001 - CONTROL NUMBER
control field 38340
003 - CONTROL NUMBER IDENTIFIER
rucl marc code BD-RjUL
005 - DATE AND TIME OF LATEST TRANSACTION
control field 20211209052757.0
008 - FIXED-LENGTH DATA ELEMENTS--GENERAL INFORMATION
fixed length control field 151108s1980 ii ||||| |||| 00| 0 ben d
020 ## - INTERNATIONAL STANDARD BOOK NUMBER
Terms of availability : Tk. 23.00
035 ## - SYSTEM CONTROL NUMBER
System control number (BD-RjUL)38445
040 ## - CATALOGING SOURCE
Original cataloging agency BD-RjUL
Language of cataloging ben
Transcribing agency BD-RjUL
041 ## - LANGUAGE CODE
Language code of text/sound track or separate title ben
082 ## - DEWEY DECIMAL CLASSIFICATION NUMBER
Classification number 297.1221
Author mark and year RAQ 1980
Edition number 23
100 1# - MAIN ENTRY--PERSONAL NAME
Personal name রহমান, মুহাম্মদ মুজীবুর
9 (RLIN) 118497
245 10 - TITLE STATEMENT
Title কুরআনের চিরন্তন মু'জিযা /
Statement of responsibility, etc. মুহাম্মদ মুজীবুর রহমান
250 ## - EDITION STATEMENT
Edition statement ১ম প্রকাশ
260 ## - PUBLICATION, DISTRIBUTION, ETC. (IMPRINT)
Place of publication, distribution, etc. ঢাকা :
Name of publisher, distributor, etc. ইসলামিক ফাউন্ডেশন,
Date of publication, distribution, etc. ১৯৮০.
300 ## - PHYSICAL DESCRIPTION
Pagination xxiv, ৩৪৪ পৃ. ;
Size ২২ সেমি.
490 ## - SERIES STATEMENT
Series statement ই. ফা. প্রকাশনা ;
Volume/sequential designation ৮৪৪
650 ## - SUBJECT ADDED ENTRY--TOPICAL TERM
Topical term or geographic name as entry element কুরআন
General subdivision সত্যতা
9 (RLIN) 237111
Topical term or geographic name as entry element The Quran
General subdivision Authenticity
9 (RLIN) 237112
830 ## - SERIES ADDED ENTRY--UNIFORM TITLE
Uniform title ই. ফা. প্রকাশনা ;
Volume number/sequential designation ৮৪৪
942 ## - ADDED ENTRY ELEMENTS (KOHA)
Source of classification or shelving scheme Dewey Decimal Classification
Koha item type Books
Holdings
Lost status Source of classification or shelving scheme Damaged status Not for loan Collection code Permanent Location Current Location Shelving location Date acquired Source of acquisition Cost, normal purchase price Total Checkouts Full call number Date last seen Copy number Koha item type
  Dewey Decimal Classification     Non-fiction Central Library, University of Rajshahi Central Library, University of Rajshahi   26/06/1981 The Author, Arabic Dept. , Rajshahi University 23.00   B 297.1221 RAQ 1980 08/11/2015 C-2 Books
  Dewey Decimal Classification     Non-fiction Central Library, University of Rajshahi Central Library, University of Rajshahi   26/06/1981 The Author, Arabic Dept. , Rajshahi University 23.00   B 297.1221 RAQ 1980 02/06/2016 C-3 Books
  Dewey Decimal Classification   Not For Loan Non-fiction Central Library, University of Rajshahi Central Library, University of Rajshahi Reading Room 26/06/1981 The Author, Arabic Dept. , Rajshahi University 23.00   B 297.1221 RAQ 1980 29/12/2019 C-1 Books
  Dewey Decimal Classification     Non-fiction Central Library, University of Rajshahi Central Library, University of Rajshahi   26/06/1981 Arabic Dept. , Rajshahi University 23.00   B 297.1221 RAQ 1980 06/04/2021 C-4 Books